000
00248nam a2200097Ia 4500
008
230508s1995 xx 000 0 und d
041
_a
eng
100
_a
MC CABE,LANCKTON D WYER
245
_a
METERING PUMP HANDBOOK
260
_b
INDUSTRIAL PRESS
_c
1995
999
_c
723803
_d
723803